000 02278nam a22003377a 4500
005 20110628104557.0
008 110628t xxu||||| |||| 00| 0 eng d
010 _aENG-102809 B-445221-227
020 _a9780070704473
_c450.00 550.00
020 _a0070704473
_c450.00 550.00
035 _aEN-86342 B-445221-227
037 _bDBAD/PUB
040 _adpl
_bEnglish
082 _a660.2961
100 _928896
_aRamamurthi, K.
245 _aExplosions and explosion safety /
_cby K. Ramamurthi
260 _aNew Delhi
_bTats McGraw Hill
_c2011
270 _a7,West Patel Nagar
_bNew Delhi
_e110008
300 _a288p. :
_bill.
_c22cm (Hb)
500 _aIncludes index
942 _2ddc
_cEN
_mRAM
_h660.2961
999 _c53339
_d53339